<?xml version="1.0" encoding="UTF-8"?>
<record
    xmlns:xsi="http://www.w3.org/2001/XMLSchema-instance"
    xsi:schemaLocation="http://www.loc.gov/MARC21/slim http://www.loc.gov/standards/marcxml/schema/MARC21slim.xsd"
    xmlns="http://www.loc.gov/MARC21/slim">

  <leader>02774nam a2200325 a 4500</leader>
  <controlfield tag="001">000000392803</controlfield>
  <controlfield tag="003">IT-MiSPE</controlfield>
  <controlfield tag="005">20251022175531.0</controlfield>
  <controlfield tag="008">110513s2011    it            000 u ita d</controlfield>
  <datafield tag="020" ind1=" " ind2=" ">
    <subfield code="a">9788839904539</subfield>
    <subfield code="c">26,00 &#x20AC;</subfield>
  </datafield>
  <datafield tag="040" ind1=" " ind2=" ">
    <subfield code="a">IT-MiSPE</subfield>
    <subfield code="b">ita</subfield>
    <subfield code="d">ip</subfield>
    <subfield code="c">IT-MiSPE</subfield>
  </datafield>
  <datafield tag="041" ind1=" " ind2=" ">
    <subfield code="a">ita</subfield>
    <subfield code="h">fre</subfield>
  </datafield>
  <datafield tag="082" ind1=" " ind2=" ">
    <subfield code="a">210.92-CAP ph fi (ppv 23421)</subfield>
  </datafield>
  <datafield tag="100" ind1="1" ind2=" ">
    <subfield code="a">Capelle-Dumont, Philippe,</subfield>
    <subfield code="d">1954-</subfield>
    <subfield code="9">62651</subfield>
  </datafield>
  <datafield tag="245" ind1="1" ind2="0">
    <subfield code="a">Filosofia e teologia nel pensiero di Martin Heidegger /</subfield>
    <subfield code="c">Philippe Capelle-Dumont.</subfield>
  </datafield>
  <datafield tag="246" ind1="1" ind2="3">
    <subfield code="a">Philosophie et th&#xE9;ologie dans le pense&#xE9; de Martin Heidegger.</subfield>
    <subfield code="g">Italiano.</subfield>
    <subfield code="f">2011</subfield>
  </datafield>
  <datafield tag="260" ind1=" " ind2=" ">
    <subfield code="a">Brescia :</subfield>
    <subfield code="b">Queriniana,</subfield>
    <subfield code="c">&#xA9;2011.</subfield>
  </datafield>
  <datafield tag="300" ind1=" " ind2=" ">
    <subfield code="a">272 p. ;</subfield>
    <subfield code="c">21 cm</subfield>
  </datafield>
  <datafield tag="490" ind1="1" ind2=" ">
    <subfield code="a">Biblioteca di teologia contemporanea ;</subfield>
    <subfield code="v">153</subfield>
  </datafield>
  <datafield tag="500" ind1=" " ind2=" ">
    <subfield code="a">TIt. orig.: Philosophie et th&#xE9;ologie dans le pense&#xE9; de Martin Heidegger</subfield>
  </datafield>
  <datafield tag="504" ind1=" " ind2=" ">
    <subfield code="a">Bibliografia: p. [219]-238</subfield>
  </datafield>
  <datafield tag="520" ind1=" " ind2=" ">
    <subfield code="a">La relazione tra filosofia e teologia rappresenta una problematica costante del cammino di pensiero di Martin Heidegger. Non &#xE8; solamente l'oggetto di una conferenza del 1927 e nemmeno una semplice tematica per una rilettura della sua opera. In seguito alla pubblicazione di diversi testi maggiori del grande filosofo, rimasti a lungo sconosciuti, e alla luce del rinnovamento delle ricerche sulle sue origini sociali e intellettuali, la questione richiedeva un nuovo esame. Philippe Capelle-Dumont evidenzia le tre topiche fondamentali di questa relazione - filosofia e teologia biblica, filosofia e ontoteologia, pensiero dell'essere e attesa del dio - e le differenti tappe della loro tematizzazione. L'autore analizza il rapporto di Heidegger con la tradizione teologica utilizzando un triplice punto di vista: il radicamento nella cultura cattolica; il debito nei confronti degli schemi fondamentali della teologia cattolica e (soprattutto) protestante e dei loro principali fondatori: san Paolo, sant'Agostino, la Scolastica medievale, Lutero, Bultmann; la provenienza che autorizza paradossalmente l'uscita mai compiuta dalla teologia cristiana. Rifiutando ogni interpretazione teologica del pensiero heideggeriano, l'autore interroga infine il tema del "ritirarsi" come motivo ermeneutico centrale e come asse portante di una rinnovata concezione dei rapporti tra la filosofia e la teologia. Un contributo eccezionale alla storia della filosofia e della teologia.</subfield>
  </datafield>
  <datafield tag="546" ind1=" " ind2=" ">
    <subfield code="a">Traduzione dal francese di Lorenzo Gianfelici ; edizione italiana a cura di Giovanni Ferretti</subfield>
  </datafield>
  <datafield tag="655" ind1=" " ind2="7">
    <subfield code="a">Filosofi di lingua tedesca posteriori al 1920</subfield>
    <subfield code="x">Heidegger Martin, 1889-1976.</subfield>
    <subfield code="9">57651</subfield>
  </datafield>
  <datafield tag="830" ind1=" " ind2="0">
    <subfield code="a">Biblioteca di teologia contemporanea ;</subfield>
    <subfield code="v">153.</subfield>
    <subfield code="9">58483</subfield>
  </datafield>
  <datafield tag="942" ind1=" " ind2=" ">
    <subfield code="2">ddc</subfield>
    <subfield code="c">BK</subfield>
  </datafield>
  <datafield tag="999" ind1=" " ind2=" ">
    <subfield code="c">360647</subfield>
    <subfield code="d">360647</subfield>
  </datafield>
  <datafield tag="952" ind1=" " ind2=" ">
    <subfield code="0">0</subfield>
    <subfield code="1">0</subfield>
    <subfield code="2">ddc</subfield>
    <subfield code="4">0</subfield>
    <subfield code="6">210_000000000000000_92CAP_PH_FI_PPV_23421</subfield>
    <subfield code="7">1</subfield>
    <subfield code="a">CINISELLO</subfield>
    <subfield code="b">CINISELLO</subfield>
    <subfield code="d">2025-10-22</subfield>
    <subfield code="l">0</subfield>
    <subfield code="o">210.92-CAP ph fi (ppv 23421)</subfield>
    <subfield code="p">9788839904539</subfield>
    <subfield code="r">2025-10-22 17:56:01</subfield>
    <subfield code="w">2025-10-22</subfield>
    <subfield code="y">BK</subfield>
  </datafield>
</record>
